| 000 | 01317nam0a22002891 4500 | ||
|---|---|---|---|
| 001 | rc\4331246 | ||
| 005 | 20130416133235.5 | ||
| 021 |
_aRU _b[62-67907] |
||
| 035 | _a(NLR Aleph) 008517898 | ||
| 090 |
_a8209893 _c8209893 |
||
| 100 | _a20130416d1962 |||y0rusy50 ca | ||
| 101 | 0 | _arus | |
| 102 | _aRU | ||
| 105 | _aa z ||||| | ||
| 200 | 1 |
_aМетодика исследования почв в природе _eПособие для студентов заоч. и стационарного обучения _fПод общ. ред. проф. А.М. Гринченко _gМ-во сел. хозяйства УССР. Харьк. ордена Трудового Красного Знамени с.-х. ин-т им. В.В. Докучаева. Кафедра почвоведения |
|
| 210 |
_aХарьков _cБ. и. _d1962 |
||
| 215 |
_a92 с., 2 л. табл. _cил. _d20 |
||
| 300 | _aПеред загл. авт.: Г.С. Гринь, доц. | ||
| 300 | _aНа обл. авт. не указан | ||
| 606 |
_aПочвы _xИсследования полевые _2psbo |
||
| 700 | 1 |
_aГринь _bГ. С. _gГеоргий Степанович |
|
| 702 | 1 |
_aГринченко _bА. М. _4340 |
|
| 801 | 0 |
_aRU _bNLR _gpsbo |
|
| 801 | 1 |
_aRU _bELAR _2rusmarc |
|
| 852 |
_aNLR _j62-4/15177 |
||
| 942 | _cBOOK | ||
| 980 | _aNB | ||